LEADER 01191nam a2200277 i 4500 001 000000065537 003 CaOOAMICUS 005 20100609000000.0 008 100609s1998 fr u000 u fre u 013 $a36709 020 $a2-7010-1375-5 040 $aSeMil$bita 100 1 $aBrulin, Monique.$0(OLS)http://semarc/name/32940 245 13$aLe verbe et la voix :$bla manifestation vocale dans le culte en France au 17. siècle /$cPar Monique Brulin. 260 $aParis :$bBeauchesne,$ccopyr. 1998. 300 $aVII, 506 p. ;$c22 cm. 490 0 $aThéologie historique ;$v106 500 $aContiene : Bibliographie. 650 4$aCanto liturgico - Storia.$0(OLS)http://semarc/subject/848 830 0$aThéologie historique ;$v106.$0(OLS)http://semarc/title/80 850 $aSeMil 852 $aSeMil$W1$xVenegono$y1$m2U I 106$j31690$B31690$CSeMilBibl$Z2$F31693 $81 961 $aAcquisto: Casa editrice 996 $6020$a2-7010-1375-5$9(OLS)http://semarc/number/42912 996 $6245$aLe verbe et la voix :$bla manifestation vocale dans le culte en France au 17. siècle$9(OLS)http://semarc/title/104024 996 $6260$aParis :$bBeauchesne$9(OLS)http://semarc/publisher/29638 LEADER 01152nam a2200277 4500 001 000000353005 003 CaOOAMICUS 005 20230302084222.0 008 230301s2022 it 000 u ita r 020 $a978-88-15-29972-7 040 $aSeMil$bita 100 1 $aIvetic, Egidio,$d<1965- >.$0(OLS)http://semarc/name/78507 245 10$aEst/Ovest :$bil confine dentro l'Europa /$cEgidio Ivetic. 264 1$aBologna :$bIl Mulino,$c2022. 300 $a172 p. ;$c18 cm 490 1 $aVoci 650 4$aConfini - Europa orientale - Sec. 20.-21.$0(OLS)http://semarc/subject/53505 650 4$aPolitica - Europa orientale - Sec. 20.-21.$0(OLS)http://semarc/subject/53504 830 0$aVoci.$0(OLS)http://semarc/title/422936 850 $aSeMil 852 $aSeMil$W1$xVenegono$y1$m3V I 120$j239057$B244236$CSeMilBibl$Z2$F244236 $81 961 $aConti don Gildo - Omaggio 996 $6020$a978-88-15-29972-7$9(OLS)http://semarc/number/297705 996 $6245$aEst/Ovest :$bil confine dentro l'Europa$9(OLS)http://semarc/title/442980 996 $6264$aBologna :$bIl Mulino$9(OLS)http://semarc/publisher/29842